| 000 | 00000nas 2200000za 4500 |
| 001 | 9.505813 |
| 003 | CaOODSP |
| 005 | 20250620104137 |
| 007 | cr ||||||||||| |
| 008 | 150406c20099999oncar p o f0 a0eng|d |
| 022 | |a1925-9522 |
| 040 | |aCaOODSP|beng |
| 043 | |an-cn--- |
| 086 | 1 |aLo1E-PDF |
| 110 | 2 |aOffice of the Commissioner of Lobbying of Canada. |
| 222 | 0|aAnnual report |b(Office of the Commissioner of Lobbying of Canada. Online) |
| 245 | 10|aAnnual report |h[electronic resource] / |cOffice of the Commissioner of Lobbying of Canada. |
| 260 | |aOttawa : |bOffice of the Commissioner of Lobbying of Canada, |c[2009]- |
| 310 | |aAnnual |
| 362 | 1 |aBegan with 2008/2009. |
| 500 | |aIssued also in French under title: Rapport annuel. |
| 520 | 3 |aHighlights the Office’s priorities, challenges and accomplishments faced by the administration of the Lobbying Act. |
| 775 | 08|tRapport annuel |w(CaOODSP)9.502218 |
| 776 | 0#|tOffice of the Commissioner of Lobbying of Canada - annual report |w(CaOODSP)9.511780 |
| 780 | 00|tRegistrar of Lobbyists - annual reports |w(CaOODSP)9.505347 |